Guess the Taylor Swift Song (no hints) 27 - Statistics

General Stats
  • This quiz has been taken 199 times
  • The average score is 303 of 408
Answer Stats
Answer % Correct
I
99%
"I
99%
the
99%
The
99%
a
98%
You
98%
you
98%
you,
98%
your
95%
it
94%
it?"
94%
it?
94%
me
94%
me,
94%
and
92%
And
92%
in
92%
is
92%
on
92%
on,
92%
on)
92%
that
92%
we
92%
We
92%
Do
90%
my
90%
to
89%
Then
88%
are
86%
by
86%
it's
86%
were
86%
we're
86%
We're
86%
I'm
85%
what
85%
love,
84%
love
84%
there
84%
at
83%
been
83%
When
83%
ever
82%
for
82%
mine
82%
mine"
82%
of
82%
that's
82%
thing
82%
time
81%
was
81%
like
80%
all
79%
"Can
78%
can
78%
This
78%
if
77%
I've
76%
As
75%
said,
75%
say,
75%
say
75%
see
75%
"I'll
74%
with
74%
best
73%
first
72%
never
72%
Oh,
72%
oh,
72%
oh
72%
She
72%
why
71%
now
70%
remember,
70%
remember
70%
how
68%
made
68%
out
68%
out,
68%
AM
65%
'Cause
65%
every
65%
look
65%
last
64%
back
63%
got
63%
our
63%
around
62%
make
62%
put
62%
sittin'
62%
water?
62%
water
62%
careless
61%
daughter
61%
man's
60%
careful
59%
arm
58%
two
58%
about
56%
believe
55%
fell
55%
rebel
55%
waiting
55%
right
54%
tables
54%
things
54%
into
53%
known
53%
looked
53%
part
53%
there's
53%
college,
52%
hands
52%
nothin'
52%
we'll
52%
working
52%
(Yeah,
52%
yeah,
52%
yeah)
52%
(yeah,
52%
everything
51%
thirty
51%
took
51%
Left
50%
moment,
50%
alone"
49%
saw
49%
fallin'
48%
fear
48%
felt,
48%
fight,
48%
leave
48%
place
48%
thought
48%
Yes,
48%
yes,
48%
yes
48%
lyin'
47%
sitting
47%
myself
46%
surprise
46%
couch
45%
flight
45%
lasts
45%
risk,
45%
town,
45%
figure
44%
parents'
44%
slipping
44%
small
44%
mistakes
43%
Wondering
43%
figured
42%
followed
42%
goodbye
42%
pay
42%
ran
42%
start
42%
street
42%
take
42%
bills
41%
bother
41%
crying,
41%
Hold
41%
(Hold
41%
(hold
41%
gonna
40%
hard
39%
Braced
37%
drawer
37%
together
36%
lights
35%
turn
35%
city
34%
guarded
34%
takin'
34%
secrets
33%
world
33%
learn
32%
forward,
30%
Flash
28%
No matching quizzes found
Score Distribution
Percent of People with Each Score
Percentile by Number Answered
Your Score History
You have not taken this quiz